Mushroom grower / (Record no. 51376)

MARC details
000 -LEADER
fixed length control field 00551nam a2200217Ia 4500
005 - DATE AND TIME OF LATEST TRANSACTION
control field 20260429111916.0
008 - FIXED-LENGTH DATA ELEMENTS--GENERAL INFORMATION
fixed length control field 260429s9999||||xx |||||||||||||| ||und||
020 ## - INTERNATIONAL STANDARD BOOK NUMBER
International Standard Book Number 9789349690998
041 ## - LANGUAGE CODE
Language English
082 ## - DEWEY DECIMAL CLASSIFICATION NUMBER
Classification number 635.8
Item number ABR
100 ## - MAIN ENTRY--PERSONAL NAME
Personal name Abraham, Rajesh
245 #0 - TITLE STATEMENT
Title Mushroom grower /
Statement of responsibility, etc Rajesh Abraham
260 ## - PUBLICATION, DISTRIBUTION, ETC. (IMPRINT)
Place of publication, distribution, etc New Delhi :
Name of publisher, distributor, etc Agri Horti Press,
Date of publication, distribution, etc 2026.
300 ## - PHYSICAL DESCRIPTION
Extent ix, 146 p.; hb
650 ## - SUBJECT ADDED ENTRY--TOPICAL TERM
Topical term or geographic name as entry element Horticulture
650 ## - SUBJECT ADDED ENTRY--TOPICAL TERM
Topical term or geographic name as entry element Mushrooms
650 ## - SUBJECT ADDED ENTRY--TOPICAL TERM
Topical term or geographic name as entry element Agriculture
700 ## - ADDED ENTRY--PERSONAL NAME
Personal name Amrutha, K.
700 ## - ADDED ENTRY--PERSONAL NAME
Personal name Menon, Rakesh
942 ## - ADDED ENTRY ELEMENTS (KOHA)
Koha item type Text Books
Holdings
Withdrawn status Lost status Damaged status Not for loan Collection code Home library Location Shelving location Date of Cataloging Source of acquisition Total Checkouts Full call number Barcode Date last seen Price effective from Koha item type
        Non-fiction CUTN Central Library CUTN Central Library Medicine, Technology & Management 29/04/2026 Shanti Books, Chennai - Invoice No. 3100 on 09-02-2026   635.8 ABR 56332 29/04/2026 29/04/2026 Text Books